Los bordados populares en Segovia / (Record no. 22045)

MARC details
000 -LEADER
campo de control de longitud fija 00572nam a2200169 i 4500
001 - NÚMERO DE CONTROL
campo de control 22045
003 - IDENTIFICADOR DE NÚMERO DE CONTROL
campo de control ES-MaACL
005 - FECHA Y HORA DE LA ÚLTIMA TRANSACCIÓN
campo de control 20230906152610.0
007 - CAMPO FIJO DE DESCRIPCIÓN FÍSICA--INFORMACIÓN GENERAL
campo de control de longitud fija t|
008 - DATOS DE LONGITUD FIJA--INFORMACIÓN GENERAL
campo de control de longitud fija 021129s1930 sp ||||1| spa d
100 1# - ENTRADA PRINCIPAL--NOMBRE DE PERSONA
Nombre de persona Alfaya y López, María Concepción.
9 (RLIN) 19830
245 14 - MENCIÓN DEL TÍTULO
Título Los bordados populares en Segovia /
Mención de responsabilidad, etc. por María Concepción Alfaya López y Mª Paz Alfaya López.
260 ## - PUBLICACIÓN, DISTRIBUCIÓN, ETC.
Lugar de publicación, distribución, etc. Madrid :
Nombre del editor, distribuidor, etc. [s.n.,
Fecha de publicación, distribución, etc. 1930] (
Fabricante Tip. A. Marzo)
300 ## - DESCRIPCIÓN FÍSICA
Extensión VIII, 47 p., 130 lám. ;
Dimensiones 35 cm.
700 1# - ENTRADA AGREGADA--NOMBRE PERSONAL
Nombre de persona Alfaya y López, María Paz.
9 (RLIN) 19831
852 ## - LOCALIZACIÓN
Ubicación ES-MaACL
Número de control de estantería A-4932
Sublocalización o colección R.16861
Holdings
Estatus retirado Estado de pérdida Estado de daño No para préstamo Biblioteca de origen Biblioteca actual Ubicación en estantería Fecha de adquisición Fuente de adquisición Total de préstamos Signatura topográfica completa Código de barras Visto por última vez Precio de reemplazo Tipo de ítem Koha
        Biblioteca del Ateneo de Madrid Biblioteca del Ateneo de Madrid Sala Pecera Planta 1 17/01/2008     A-4932 1022658 23/02/2023 23/02/2023 Libro impreso